000
00302nam a22000977a 4500
008
171113b xxu||||| |||| 00| 0 eng d
100
_a
Stanley Gibbons Lt
245
_a
Stanley Gibbons colour guide for stamp collectors (1965?)
260
_a
London
_b
Stanley Gibbons Lt
_c
1965?
650
_a
Color Guides | Color
999
_c
2549
_d
2549